[Event "22nd OIBM 2018"]
[Site "Gmund am Tegernsee"]
[Date "2018.10.28"]
[Round "2"]
[White "Delitzsch, Juergen"]
[Black "Hoffmann, Michael"]
[Result "0-1"]
[WhiteElo "2178"]
[BlackElo "2441"]
[Annotator "TA"]
[PlyCount "94"]
[EventDate "2018.10.27"]
[EventType "swiss"]
[EventCountry "GER"]
[SourceTitle "playchess.com"]
[Source "ChessBase"]
[SourceQuality "1"]

{[%evp 16,94,13,13,16,16,16,16,23,9,13,0,0,0,0,-8,0,0,0,-38,-35,-24,-21,-43,-45,-42,-39,-106,-113,-85,-16,-20,-14,-16,-19,-42,-21,-28,-12,-42,-42,-101,-92,-101,-112,-113,-109,-105,-107,-101,-77,-75,-83,-83,-66,-83,-79,-91,-64,-100,-100,-254,-254,-273,-252,-364,-350,-298,-297,-490,-382,-1168,-1309,-5189,-243,-261,-266,-297,-269,-29986,-29987]} 1. e4 c5 2. c3 d5 3. exd5 Qxd5 4. d4 Nf6 5. Nf3 e6 6. Be3 cxd4 7. cxd4 Nc6 8. Nc3 Qd6 9. Bd3 {LiveBook: 74 Games. B22: Sicilian: 2 c3} g6 (9... Be7 10. O-O O-O 11. a3 b6 12. Qe2 Bb7 13. Rad1 Rad8 14. Rfe1 Nd5 15. Qc2 Nf6 16. h3 Rfe8 17. Bg5 h6 18. Be3 Qb8 19. Qe2 Bd6 20. Bb5 Rf8 21. Bc1 Ne7 22. Ne5 {0-1 (44) Salgado Lopez,I (2612)-Lenic,L (2655) Condino 2014}) 10. O-O Bg7 11. Qd2 {The position is equal.} O-O 12. Rfd1 $146 ({Predecessor:} 12. Rad1 Rd8 13. h3 b6 14. Nb5 Qe7 15. Ne5 Bd7 16. Nc3 Nb4 {½-½ (37) Eisenbeiser,K (2053)-Sarchisov,S (2019) Germany 2009}) 12... b6 13. Ne4 Nxe4 14. Bxe4 Bb7 15. Bf4 Qd7 16. Rac1 Rac8 17. Qe3 Nb4 18. Ne5 Qe7 19. Bxb7 Qxb7 20. Qd2 Nd5 21. Bh6 (21. b3 $15) 21... Rxc1 $17 22. Rxc1 {[#]} Rc8 (22... Bxh6 $1 $17 23. Qxh6 Qa6) 23. Bxg7 Kxg7 24. h4 h5 $40 {[%mdl 128] Black attacks.} 25. a3 Rxc1+ 26. Qxc1 Ne7 27. Qf4 Nf5 28. g4 (28. Nf3 $15) 28... Nxh4 {[%csl Gh4][%cal Rb7g2] [#]} 29. d5 $1 {[%mdl 512]} f6 ({Reject} 29... Qxd5 $6 30. Qxf7+ Kh8 31. Qe8+ Kh7 32. Qf7+ Kh8 33. Nxg6+ Nxg6 34. Qxg6 $11) 30. gxh5 Qxd5 {[%csl Gh4][%cal Rd5g2]} ({But not} 30... fxe5 $6 31. Qxh4 exd5 32. Qg5 $11) 31. Qxh4 Qxe5 {[%mdl 4096] Endgame KQ-KQ} 32. Qa4 Qxb2 33. Qxa7+ Kh6 34. hxg6 Kxg6 35. Qe7 Qc1+ 36. Kh2 Qc6 37. Qf8 Kf5 {Threatens to win with ...Qc5.} 38. Kg3 $2 {[#]} (38. Qd8 $17 {was called for.}) 38... Qc5 $1 $19 {[%cal Rc5f8]} 39. Qg8 Qxa3+ 40. f3 (40. Kg2 $142) 40... Qd6+ 41. Kh3 {White wants to mate with Qg4+.} Qd4 42. Qh7+ $2 (42. Kg2) 42... Kf4 43. Qh4+ $2 (43. Qg8) 43... Ke3 44. Qg3 Qf4 $2 (44... Ke2 45. Qc7 Kxf3 46. Qg3+ Ke2 47. Qh2+ Qf2) 45. Qe1+ Kxf3 {( -> ...Qg4+)} 46. Qf2+ Ke4 47. Qxb6 $2 (47. Qc2+ $19 Kd5 48. Qb3+ Kc5 49. Qc3+ Kd6 50. Qd3+ Kc6 51. Qc2+ Kb7 52. Qg2+ Kc7 53. Qc2+ Kd6 54. Qd3+ Kc5 55. Qa3+ Kb5 56. Qb2+ Kc6 57. Qc2+ Kd6 58. Qd3+) 47... Qe3+ {Precision: White = 36%, Black = 69%.} 0-1

[Event "22nd OIBM 2018"]
[Site "Gmund am Tegernsee"]
[Date "2018.10.28"]
[Round "2"]
[White "Friesen, Viktor"]
[Black "Souleidis, Georgios"]
[Result "0-1"]
[WhiteElo "2173"]
[BlackElo "2436"]
[Annotator "TA"]
[PlyCount "56"]
[EventDate "2018.10.27"]
[EventType "swiss"]
[EventCountry "GER"]
[SourceTitle "playchess.com"]
[Source "ChessBase"]
[SourceQuality "1"]

{[%evp 23,56,-16,-21,-83,-83,-86,-75,-102,-85,-98,-98,-103,-93,-119,-96,-116,-112,-346,-339,-334,-340,-921,-1026,-1075,-729,-722,-711,-740,-741,-29985,-29986,-29986,-29987,-29987,-29987]} 1. Nf3 Nf6 2. g3 d5 3. Bg2 e6 4. O-O c5 5. d4 cxd4 6. Nxd4 e5 7. Nb3 Be6 8. Bg5 {D02: 1 d4 d5 2 Nf3 sidelines, including 2...Nf6 3 g3 and 2...Nf6 3 Bf4} Nbd7 9. e4 dxe4 10. N1d2 Be7 11. Bxf6 Nxf6 12. Nxe4 Qc7 {LiveBook: 7 Games} 13. Nbd2 $146 (13. Nc3 $11) ({Predecessor:} 13. Qf3 Rb8 14. Qc3 Rc8 15. Qxc7 Rxc7 16. Nc3 O-O 17. Rfe1 Bb4 18. Rxe5 b6 19. Nd4 Bxc3 20. bxc3 Bd7 21. Nb5 {½-½ (21) Li,C (2757)-Perunovic,M (2620) Karlsruhe 2016}) 13... Nxe4 $17 14. Nxe4 Rd8 15. Qc1 O-O 16. c3 h6 17. Qc2 f5 18. Nd2 e4 19. Rfe1 Bc5 $36 {[%mdl 2048] White must now prevent ...Bxf2+! White is under strong pressure.} 20. Rad1 $2 {[#]} (20. Nb3 $17 {is a better defense.}) 20... Bxf2+ $1 $19 {[%mdl 512]} 21. Kxf2 {Hoping for Nb3.} Qb6+ 22. Kf1 $2 (22. Re3) 22... f4 {( -> ...fxg3+)} 23. g4 f3 24. Bxf3 exf3 {[%cal Be4f3,Bf3f2][%mdl 32]} 25. Re4 Qd6 26. Kg1 f2+ {Black mates.} 27. Kf1 Qxh2 28. Rxe6 Qg1+ {Precision: White = 31%, Black = 91%.} 0-1

[Event "22nd OIBM 2018"]
[Site "Gmund am Tegernsee"]
[Date "2018.10.28"]
[Round "2"]
[White "Gueci, Tea"]
[Black "Meins, Gerlef"]
[Result "1/2-1/2"]
[WhiteElo "2166"]
[BlackElo "2408"]
[Annotator "NA"]
[PlyCount "72"]
[EventDate "2018.10.27"]
[EventType "swiss"]
[EventCountry "GER"]
[SourceTitle "playchess.com"]
[Source "ChessBase"]
[SourceQuality "1"]
[TimeControl "40/5400+30:1800+30"]

1. e4 {[%emt 0:00:00]} c5 {[%emt 0:00:00]} 2. Nf3 {[%emt 0:00:00]} Nc6 {[%emt 0:00:00]} 3. d4 {[%emt 0:00:00]} cxd4 {[%emt 0:00:00]} 4. Nxd4 {[%emt 0:00:00]} Nf6 {[%emt 0:00:01]} 5. Nc3 {[%emt 0:00:00]} d6 {[%emt 0:00:14]} 6. Bg5 {[%emt 0:00:02]} e6 {[%emt 0:00:12]} 7. Qd2 {[%emt 0:00:14]} a6 {[%emt 0:01:24]} 8. O-O-O {[%emt 0:00:15]} Bd7 {[%emt 0:00:41]} 9. f3 {[%emt 0:00:15]} h6 {[%emt 0:07:21]} 10. Be3 {[%emt 0:01:30]} b5 {[%emt 0:02:54]} 11. Nxc6 {[%emt 0:02:38]} Bxc6 {[%emt 0:00:48]} 12. Kb1 {[%emt 0:00:21]} Qc7 {[%emt 0:05:03]} 13. Ne2 {[%emt 0:02:50]} Bb7 {[%emt 0:04:48]} 14. h4 {[%emt 0:05:48]} Nd7 {[%emt 0:26:00]} 15. Rh3 {[%emt 0:10:24]} Ne5 {[%emt 0:04:36]} 16. Nd4 {[%emt 0:03:58]} Be7 {[%emt 0:09:43]} 17. Be2 {[%emt 0:09:13]} Rd8 {[%emt 0:08:03]} 18. g4 {[%emt 0:05:13]} d5 {[%emt 0:06:09]} 19. f4 {[%emt 0:05:59]} Nc4 {[%emt 0:00:32]} 20. Bxc4 {[%emt 0:00:17]} dxc4 {[%emt 0:00:37]} 21. e5 {[%emt 0:05:52]} h5 {[%emt 0:01:01]} 22. Qe2 {[%emt 0:11:19]} g6 {[%emt 0:00:31]} 23. gxh5 {[%emt 0:02:46]} Rxh5 {[%emt 0:00:08]} 24. Rg1 {[%emt 0:03:56]} Be4 {[%emt 0:01:09]} 25. Bf2 {[%emt 0:02:21]} Qb7 {[%emt 0:01:29]} 26. Re1 {[%emt 0:01:49]} Bf5 {[%emt 0:05:06]} 27. Nxf5 {[%emt 0:01:26]} Rxf5 {[%emt 0:03:59]} 28. h5 {[%emt 0:02:32]} gxh5 {[%emt 0:01:57]} 29. Rxh5 {[%emt 0:00:58]} Rxh5 {[%emt 0:00:25]} 30. Qxh5 {[%emt 0:00:03]} Qg2 {[%emt 0:06:51]} 31. Bb6 {[%emt 0:05:12]} Rd2 {[%emt 0:01:11]} 32. Qh8+ {[%emt 0:10:06]} Bf8 {[%emt 0:01:11]} 33. Bc5 {[%emt 0:01:23]} Qg7 {[%emt 0:00:21]} 34. Qh1 {[%emt 0:01:10]} Qg2 {[%emt 0:00:16]} 35. Qh8 {[%emt 0:02:04]} Qg7 {[%emt 0:00:06]} 36. Qh1 {[%emt 0:01:56]} Qg2 {[%emt 0:00:38]} 1/2-1/2

[Event "22nd OIBM 2018"]
[Site "Gmund am Tegernsee"]
[Date "2018.10.28"]
[Round "2"]
[White "Gohla, Ulf"]
[Black "Zajogin, Alexander"]
[Result "1/2-1/2"]
[WhiteElo "2158"]
[BlackElo "2408"]
[Annotator "NA"]
[PlyCount "32"]
[EventDate "2018.10.27"]
[EventType "swiss"]
[EventCountry "GER"]
[SourceTitle "playchess.com"]
[Source "ChessBase"]
[SourceQuality "1"]
[TimeControl "40/5400+30:1800+30"]

1. d4 {[%emt 0:00:00]} Nf6 {[%emt 0:00:00]} 2. c4 {[%emt 0:00:00]} e6 {[%emt 0:00:00]} 3. Nc3 {[%emt 0:00:00]} Bb4 {[%emt 0:00:00]} 4. Qc2 {[%emt 0:00:00]} O-O {[%emt 0:00:50]} 5. Nf3 {[%emt 0:00:30]} c5 {[%emt 0:02:37]} 6. dxc5 {[%emt 0:00:09]} Na6 {[%emt 0:04:42]} 7. g3 {[%emt 0:02:48]} Nxc5 {[%emt 0:03:13]} 8. Bd2 {[%emt 0:03:34]} b6 {[%emt 0:16:11]} 9. Bg2 {[%emt 0:03:52]} Ba6 {[%emt 0:04:05]} 10. a3 {[%emt 0:11:58]} Bxc3 {[%emt 0:00:19]} 11. Bxc3 {[%emt 0:01:28]} Rc8 {[%emt 0:13:30]} 12. O-O {[%emt 0:09:59]} Nce4 {[%emt 0:02:15]} 13. Bb4 {[%emt 0:13:37]} Re8 {[%emt 0:26:05]} 14. Ne5 {[%emt 0:07:11]} d5 {[%emt 0:00:36]} 15. Qa4 {[%emt 0:03:29]} Bxc4 {[%emt 0:03:34]} 16. Qxa7 {[%emt 0:02:38]} Qc7 {[%emt 0:07:23]} 1/2-1/2

[Event "22nd OIBM 2018"]
[Site "Gmund am Tegernsee"]
[Date "2018.10.28"]
[Round "2"]
[White "Meertens, Martin"]
[Black "Colpe, Malte"]
[Result "1-0"]
[WhiteElo "2156"]
[BlackElo "2379"]
[Annotator "TA"]
[PlyCount "96"]
[EventDate "2018.10.27"]
[EventType "swiss"]
[EventCountry "GER"]
[SourceTitle "playchess.com"]
[Source "ChessBase"]
[SourceQuality "1"]

{[%evp 37,96,33,10,11,19,0,0,0,12,0,0,-37,0,0,0,0,51,54,46,37,56,52,166,0,143,147,192,176,249,240,195,177,188,157,306,287,481,470,474,470,465,445,533,538,497,255,462,440,1510,1135,29990,29991,29991,29992,29992,29992,29994,29995,29995,29996,29996]} 1. e4 e5 2. Nf3 Nc6 3. Bb5 a6 4. Ba4 Nf6 5. O-O Be7 6. Re1 b5 7. Bb3 d6 8. c3 O-O 9. h3 Na5 10. Bc2 c5 11. d4 Nd7 12. Nbd2 exd4 13. cxd4 Nc6 14. d5 Nce5 15. Nxe5 {C96: Closed Ruy Lopez: Chigorin Defence: 11 d4, replies other than 11...Qc7} Nxe5 16. a4 Rb8 17. f4 Ng6 18. Nf3 Bh4 19. Nxh4 Qxh4 {LiveBook: 4 Games} 20. f5 Ne5 21. Rf1 b4 22. Bf4 Qe7 {[#]} 23. b3 $146 Re8 24. Be3 a5 25. f6 $1 {[%cal Rf6e7]} gxf6 26. Qh5 Ng6 (26... Kh8 $11) 27. Rae1 $14 {[%mdl 1024] White has compensation.} Qe5 28. Qh6 Qc3 29. Bb1 Ba6 ({Better is} 29... Re5 $14) 30. Bd2 $2 (30. Rc1 $18 Qb2 31. Rf3) 30... Qxb3 (30... Qd4+ $1 $11 31. Be3 Qb2) 31. Rxf6 $16 Qb2 32. Rxd6 Ra8 {[#]} (32... Bc4 $142 33. Bg5 Qd4+ 34. Kh1 Qg7) 33. Bg5 $1 $40 {[%cal Rg5f6][%mdl 128] White is out for blood.} Qg7 34. Qh5 {Bf6 is the strong threat.} Qd4+ 35. Re3 Re5 {[#]} (35... Bc4 $16) 36. Qh6 $1 {And now Bf6 would win.} Qd1+ $2 (36... Rxg5 {was called for.} 37. Qxg5 Qd1+ 38. Kh2 Qxb1) 37. Kh2 {Bf6 would kill now.} Rxg5 38. Qxg5 Qxb1 39. h4 Qb2 {Strongly threatening ...Qe5+.} 40. e5 Qf2 41. e6 (41. Rg3 $142) 41... fxe6 $2 (41... f6 42. Qg3 Qxg3+ 43. Rxg3 Be2) 42. dxe6 {[%cal Bd5e6,Be6e7][%mdl 32] Hoping for e7.} Bb7 (42... Qxh4+ $142 43. Qxh4 Nxh4) 43. Rg3 Bxg2 44. Rxg2 {White mates.} Qf8 45. e7 Qb8 46. Qf6 Ra6 47. Rxg6+ hxg6 48. Qxg6+ Kh8 {Precision: White = 66%, Black = 26%.} 1-0

[Event "22nd OIBM 2018"]
[Site "Gmund am Tegernsee"]
[Date "2018.10.28"]
[Round "2"]
[White "Schatz, Christian"]
[Black "Pirrot, Dieter"]
[Result "1-0"]
[WhiteElo "2153"]
[BlackElo "2373"]
[Annotator "NA RC"]
[PlyCount "87"]
[EventDate "2018.10.27"]
[EventType "swiss"]
[EventCountry "GER"]
[SourceTitle "playchess.com"]
[Source "ChessBase"]
[SourceQuality "1"]
[TimeControl "40/5400+30:1800+30"]

1. d4 {[%emt 0:00:00]} e6 {[%emt 0:00:27]} 2. Nf3 {[%emt 0:01:35]} f5 {[%emt 0:00:28]} 3. c4 {[%emt 0:01:34]} Nf6 {[%emt 0:00:38]} 4. Nc3 {[%emt 0:00:09]} Be7 {[%emt 0:01:22]} 5. g3 {[%emt 0:02:58]} O-O {[%emt 0:01:14]} 6. Bg2 {[%emt 0:00:05]} d6 {[%emt 0:00:49]} 7. O-O {[%emt 0:00:38]} Ne4 {[%emt 0:00:24]} 8. Qc2 {[%emt 0:02:16]} Nxc3 {[%emt 0:00:38]} 9. bxc3 {[%emt 0:04:15]} Nc6 {[%emt 0:00:42]} 10. e4 {[%emt 0:05:25]} e5 {[%emt 0:05:45]} 11. dxe5 {[%emt 0:13:26]} dxe5 {[%emt 0:00:56]} 12. Rd1 {[%emt 0:01:29]} Qe8 {[%emt 0:00:59]} 13. Ne1 {[%emt 0:10:19]} f4 {[%emt 0:05:49]} 14. gxf4 {[%emt 0:04:12]} exf4 {[%emt 0:02:30]} 15. f3 {[%emt 0:00:08]} Be6 {[%emt 0:05:42]} 16. Nd3 {[%emt 0:02:12]} g5 {[%emt 0:11:44]} 17. Qa4 {[%emt 0:07:02]} Qf7 {[%emt 0:08:20]} 18. Rb1 {[%emt 0:03:23]} Rab8 {[%emt 0:04:12]} 19. Ba3 {[%emt 0:02:00]} Rfd8 {[%emt 0:16:38]} 20. Nb4 {[%emt 0:16:07]} Ne5 {[%emt 0:04:35]} 21. Nd5 {[%emt 0:02:11]} Bxa3 {[%emt 0:03:25]} 22. Qxa3 {[%emt 0:00:08]} c6 {[%emt 0:08:17]} 23. Ne7+ {[%emt 0:01:21]} Kh8 {[%emt 0:00:50]} 24. Qc5 {[%emt 0:01:52]} Qf6 {[%emt 0:03:11]} 25. Nf5 {[%emt 0:00:55]} Bxf5 {[%emt 0:01:56]} 26. exf5 {[%emt 0:00:13]} b6 {[%emt 0:01:44]} 27. Qa3 {[%emt 0:00:54]} Nxc4 {[%emt 0:01:20]} 28. Qxa7 {[%emt 0:00:27]} Qxf5 {[%emt 0:00:49]} 29. Qc7 {[%emt 0:01:31]} Qc5+ {[%emt 0:04:53]} 30. Kh1 {[%emt 0:00:18]} Rxd1+ {[%emt 0:00:31]} 31. Rxd1 {[%emt 0:00:07]} Re8 {[%emt 0:00:40]} 32. Qf7 {[%emt 0:02:47]} Rf8 {[%emt 0:00:24]} 33. Rd8 {[%emt 0:04:04]} Rxd8 {[%emt 0:00:49]} 34. Qf6+ {[%emt 0:00:05]} Kg8 {[%emt 0:00:08]} 35. Qxd8+ {[%emt 0:00:03]} Kf7 {[%emt 0:00:37]} 36. Bf1 {[%emt 0:01:40]} Ne3 {[%emt 0:03:15]} 37. Bd3 {[%emt 0:02:00]} Qd5 {[%emt 0:00:23]} 38. Qc7+ {[%emt 0:00:18]} Kf6 {[%emt 0:00:32]} 39. Be2 {[%emt 0:00:24]} h5 {[%emt 0:00:39]} 40. Qxb6 {[%emt 0:00:46]} g4 {[%emt 0:01:02]} 41. Qc7 {[%emt 0:32:52]} Kg5 {[%emt 0:10:05]} 42. Qe7+ {[%emt 0:00:00]} Kf5 {[%emt 0:03:06]} 43. Bd3+ {[%emt 0:00:00]} Qxd3 {[%emt 0:00:07]} 44. Qh7+ {[%emt 0:00:00]} 1-0

[Event "22nd OIBM 2018"]
[Site "Gmund am Tegernsee"]
[Date "2018.10.28"]
[Round "2"]
[White "Subramanian, Aditya"]
[Black "Zude, Arno"]
[Result "0-1"]
[WhiteElo "2151"]
[BlackElo "2349"]
[Annotator "NA"]
[PlyCount "82"]
[EventDate "2018.10.27"]
[EventType "swiss"]
[EventCountry "GER"]
[SourceTitle "playchess.com"]
[Source "ChessBase"]
[SourceQuality "1"]
[TimeControl "40/5400+30:1800+30"]

1. Nf3 {[%emt 0:00:00]} d5 {[%emt 0:00:00]} 2. g3 {[%emt 0:00:00]} c6 {[%emt 0:00:00]} 3. Bg2 {[%emt 0:00:00]} Bg4 {[%emt 0:00:12]} 4. c4 {[%emt 0:00:42]} e6 {[%emt 0:00:09]} 5. h3 {[%emt 0:01:19]} Bh5 {[%emt 0:00:24]} 6. O-O {[%emt 0:02:23]} Nf6 {[%emt 0:03:27]} 7. d3 {[%emt 0:06:11]} Be7 {[%emt 0:14:34]} 8. cxd5 {[%emt 0:07:36]} Bxf3 {[%emt 0:01:49]} 9. Bxf3 {[%emt 0:02:13]} cxd5 {[%emt 0:00:19]} 10. b3 {[%emt 0:15:13]} Nc6 {[%emt 0:01:35]} 11. Bb2 {[%emt 0:00:09]} O-O {[%emt 0:00:56]} 12. Nd2 {[%emt 0:02:32]} Qa5 {[%emt 0:04:54]} 13. a3 {[%emt 0:03:58]} Rfd8 {[%emt 0:02:27]} 14. Bg2 {[%emt 0:04:41]} Nd7 {[%emt 0:05:25]} 15. Nf3 {[%emt 0:06:43]} Bf6 {[%emt 0:01:57]} 16. d4 {[%emt 0:00:38]} Qb6 {[%emt 0:07:48]} 17. Qd3 {[%emt 0:03:18]} a5 {[%emt 0:03:00]} 18. e3 {[%emt 0:06:09]} a4 {[%emt 0:14:18]} 19. b4 {[%emt 0:01:15]} Na7 {[%emt 0:12:10]} 20. e4 {[%emt 0:09:41]} Qb5 {[%emt 0:02:31]} 21. Qe3 {[%emt 0:03:43]} Nb6 {[%emt 0:08:26]} 22. Nd2 {[%emt 0:04:31]} Rac8 23. e5 Be7 {[%emt 0:00:34]} 24. Rfc1 {[%emt 0:01:41]} Qd7 {[%emt 0:06:29]} 25. Bf1 {[%emt 0:00:57]} Rxc1 {[%emt 0:00:51]} 26. Rxc1 {[%emt 0:00:07]} Rc8 {[%emt 0:00:06]} 27. Rxc8+ {[%emt 0:01:46]} Nbxc8 {[%emt 0:02:28]} 28. Bd3 {[%emt 0:03:26]} b5 {[%emt 0:00:39]} 29. Nf3 {[%emt 0:03:21]} Nb6 {[%emt 0:00:39]} 30. Qf4 {[%emt 0:00:23]} Nc4 {[%emt 0:01:36]} 31. Bc1 {[%emt 0:00:01]} Qc7 {[%emt 0:02:38]} 32. Bxh7+ {[%emt 0:02:27]} Kxh7 {[%emt 0:00:05]} 33. Qxf7 {[%emt 0:00:07]} Qd8 {[%emt 0:01:00]} 34. Bg5 {[%emt 0:01:26]} Bxg5 {[%emt 0:00:34]} 35. h4 {[%emt 0:02:50]} Bh6 {[%emt 0:00:59]} 36. h5 {[%emt 0:01:02]} Nc6 {[%emt 0:00:48]} 37. g4 {[%emt 0:01:04]} Qe7 {[%emt 0:00:44]} 38. Qg6+ {[%emt 0:00:16]} Kg8 {[%emt 0:00:04]} 39. g5 {[%emt 0:02:33]} Qf7 {[%emt 0:00:12]} 40. Qd3 {[%emt 0:00:24]} Qxh5 {[%emt 0:00:09]} 41. gxh6 {[%emt 0:30:04]} Qxh6 {[%emt 0:30:12]} 0-1

[Event "22nd OIBM 2018"]
[Site "Gmund am Tegernsee"]
[Date "2018.10.28"]
[Round "2"]
[White "Paris, Michael"]
[Black "Slugin, Sergey"]
[Result "1-0"]
[WhiteElo "2117"]
[BlackElo "2362"]
[Annotator "NA"]
[PlyCount "87"]
[EventDate "2018.10.27"]
[EventType "swiss"]
[EventCountry "GER"]
[SourceTitle "playchess.com"]
[Source "ChessBase"]
[SourceQuality "1"]
[TimeControl "40/5400+30:1800+30"]

1. e4 {[%emt 0:00:00]} c5 {[%emt 0:00:00]} 2. Nf3 {[%emt 0:00:00]} Nc6 {[%emt 0:00:00]} 3. d4 {[%emt 0:00:00]} cxd4 {[%emt 0:00:00]} 4. Nxd4 {[%emt 0:00:00]} Nf6 {[%emt 0:00:08]} 5. Nc3 {[%emt 0:00:00]} d6 {[%emt 0:00:07]} 6. f3 {[%emt 0:00:02]} e5 {[%emt 0:00:26]} 7. Nb3 {[%emt 0:00:06]} Be7 {[%emt 0:00:11]} 8. Be3 {[%emt 0:00:06]} O-O {[%emt 0:00:14]} 9. Qd2 {[%emt 0:00:11]} a5 {[%emt 0:00:07]} 10. Bb5 {[%emt 0:00:08]} Be6 {[%emt 0:03:11]} 11. Rd1 {[%emt 0:00:43]} Na7 {[%emt 0:02:13]} 12. Be2 {[%emt 0:02:32]} Nc6 {[%emt 0:02:08]} 13. Bb5 {[%emt 0:01:32]} Na7 {[%emt 0:00:15]} 14. Bd3 {[%emt 0:00:06]} Nc8 {[%emt 0:11:41]} 15. O-O {[%emt 0:03:36]} a4 {[%emt 0:05:49]} 16. Nc1 {[%emt 0:00:20]} Nb6 {[%emt 0:07:08]} 17. Qf2 {[%emt 0:02:00]} Nc4 {[%emt 0:00:41]} 18. Bxc4 {[%emt 0:00:06]} Bxc4 {[%emt 0:00:03]} 19. Rfe1 {[%emt 0:16:26]} Qc8 {[%emt 0:08:41]} 20. a3 {[%emt 0:04:40]} Qc6 {[%emt 0:03:03]} 21. Nd3 {[%emt 0:01:33]} Bxd3 {[%emt 0:10:33]} 22. Rxd3 {[%emt 0:00:09]} h6 {[%emt 0:00:23]} 23. Red1 {[%emt 0:02:01]} Rfc8 {[%emt 0:04:54]} 24. R1d2 {[%emt 0:02:43]} b5 {[%emt 0:06:07]} 25. Na2 {[%emt 0:07:47]} Qb7 {[%emt 0:05:42]} 26. Nb4 {[%emt 0:01:32]} Rc4 {[%emt 0:03:50]} 27. c3 {[%emt 0:02:26]} Kf8 {[%emt 0:07:27]} 28. Rd1 {[%emt 0:04:33]} Rd8 {[%emt 0:04:34]} 29. Qd2 {[%emt 0:03:17]} Rdc8 {[%emt 0:01:06]} 30. h3 {[%emt 0:03:50]} Kg8 {[%emt 0:01:36]} 31. g4 {[%emt 0:02:34]} Nh7 {[%emt 0:02:21]} 32. Nd5 {[%emt 0:05:41]} Bd8 {[%emt 0:01:39]} 33. Qg2 {[%emt 0:04:18]} R8c6 {[%emt 0:04:53]} 34. Nb4 {[%emt 0:00:46]} Rc8 {[%emt 0:01:15]} 35. Rxd6 {[%emt 0:00:32]} Bg5 {[%emt 0:00:24]} 36. Bf2 {[%emt 0:04:02]} Nf6 {[%emt 0:00:23]} 37. Rb6 {[%emt 0:03:45]} Qa8 {[%emt 0:02:18]} 38. Rxb5 {[%emt 0:00:26]} Bf4 {[%emt 0:00:33]} 39. Rb6 {[%emt 0:02:00]} Rd8 {[%emt 0:01:00]} 40. Rbd6 {[%emt 0:02:26]} Rcc8 {[%emt 0:01:43]} 41. Qf1 {[%emt 0:31:31]} h5 {[%emt 0:05:27]} 42. Qa6 {[%emt 0:00:00]} Rxd6 {[%emt 0:01:40]} 43. Rxd6 {[%emt 0:00:00]} hxg4 {[%emt 0:00:49]} 44. Qxa8 {[%emt 0:00:00]} 1-0

[Event "22nd OIBM 2018"]
[Site "Gmund am Tegernsee"]
[Date "2018.10.28"]
[Round "2"]
[White "Gschwendtner, Klaus"]
[Black "Martinovic, Sasa"]
[Result "1-0"]
[WhiteElo "2086"]
[BlackElo "2555"]
[Annotator "TA"]
[PlyCount "95"]
[EventDate "2018.10.27"]
[EventType "swiss"]
[EventCountry "GER"]
[SourceTitle "playchess.com"]
[Source "ChessBase"]
[SourceQuality "1"]

{[%evp 15,95,41,86,47,59,56,44,18,49,25,110,117,116,121,123,109,114,89,108,102,136,149,165,44,54,20,21,17,37,27,25,36,60,69,76,31,33,29,49,52,95,104,118,62,100,108,140,140,175,121,287,207,307,228,287,234,218,225,307,288,278,251,374,388,441,466,766,752,1012,1016,1004,984,1215,1160,1148,1106,3484,3517,5330,5297,2596,2169]} 1. e4 c6 2. d4 d5 3. e5 c5 4. dxc5 Nc6 5. a3 Nxe5 6. b4 {B12: Caro-Kann (Vorstoß-Variante)} Nf6 7. Bb2 Ng6 (7... Nc6 8. Nf3 g6 9. Nc3 d4 10. Nb5 e5 11. Qe2 Bg4 12. O-O-O Bh6+ {1-0 (48) Nepomniachtchi,I (2751)-Navara,D (2737) Saint Louis 2017}) 8. Nf3 e6 {LiveBook: 5 Partien} 9. c4 Be7 10. cxd5 Qxd5 11. Bb5+ Bd7 12. Qxd5 (12. Nc3 {keeps more tension.} Qxd1+ 13. Rxd1 Bc6 14. Bxc6+ bxc6 15. Nd4) 12... exd5 (12... Nxd5 $11 13. Bxd7+ Kxd7) 13. Bxd7+ $146 Kxd7 14. Nc3 Rhd8 15. O-O Ke8 16. Rad1 Kf8 17. Rd4 Rd7 18. Rfd1 Rad8 19. Nb5 ({Günstiger ist} 19. Kf1 $18) 19... Ne4 $1 $14 20. Nxa7 {T4d3 ist eine echte Drohung.} (20. R4d3 {seems wilder.} a6 21. Nc3 Nf4 22. Ne5 Rc7 23. Rf3) 20... Bf6 21. Nb5 Bxd4 22. Nfxd4 Ne7 23. f3 Nf6 24. a4 $36 {[%mdl 3072] Weiss hat Kompensation. Weiss drückt.} Ne8 25. Ba3 {Und weiter mit Sc3 wäre nett.} Nc6 26. a5 Ne5 27. Bc1 Nc4 28. Bf4 Ra8 29. Nf5 ({Besser ist} 29. c6 $16 bxc6 30. Nxc6) 29... Ra6 30. Kf2 Re6 31. g4 h5 32. h3 ({Lieber} 32. gxh5 $18 g6 33. Nfd6 Ncxd6 34. Nxd6 (34. Bxd6+ Nxd6 35. Nxd6 Re5 $16) (34. Rxd5 Re2+ 35. Kxe2 Re7+ 36. Kf2 Nxb5 $16)) 32... f6 $2 {[#]} (32... Rf6 $16) 33. gxh5 Ne5 (33... Ra6 $142 34. h6 gxh6 35. Bxh6+ Kg8) 34. Ne3 g5 35. hxg6 Nxg6 36. Bg3 ({Finger weg von} 36. Nxd5 $6 Nxf4 37. Nxf4 Rxd1 $16) 36... Ne7 37. Nd4 Ra6 38. Nb3 f5 (38... Nc7 $142 39. Nd4 Kf7 40. Bxc7 Rxc7) 39. b5 $18 {[%cal Bb4b5,Bb5b6,Bb6b7][%mdl 32]} Rh6 {[#]} 40. c6 $1 {[%mdl 512] Weiß steht klar auf Gewinn.} bxc6 (40... Nxc6 $142 41. Nc5 Rf7) 41. b6 Nd6 42. Nc5 Rd8 43. Bxd6 Rdxd6 44. b7 Rd8 45. a6 {[%cal Ba5a6,Ba6a7][%mdl 32]} d4 46. Nc4 Kf7 47. a7 Rhh8 48. Ne5+ {Precision: Weiß = 59%, Schwarz = 25%.} 1-0